Country names with more than one word - Statistics

General Stats
  • This quiz has been taken 68 times
  • The average score is 31 of 38
Answer Stats
Continent Answer % Correct
Asia North Korea
95%
Asia South Korea
95%
Europe United Kingdom
95%
Oceania New Zeeland
93%
Africa South Africa
93%
Africa Democratic Republic of Congo
92%
Africa Republic of Congo
92%
north America United States of America
90%
central America Dominican Republic
88%
Africa Central African Republic
87%
Africa South Sudan
87%
Oceania Papua new Guinea
85%
central America Saint Kitts and Nevis
85%
central America Saint Lucia
85%
Asia Sri Lanka
85%
Europe Bosnia and Herzegovina
83%
central America El Salvador
83%
Europe North Macedonia
83%
Asia United Arabic Emirates
83%
central America Saint Vincent and the Grenadines
82%
Europe San Marino
82%
Asia Saudi Arabia
82%
Oceania Solomon Islands
82%
Europe Vatican City
82%
central Amerca Trinidad and Tobago
80%
central America Antigua and Berbuda
78%
Oceania Marshall Islands
78%
Asia East Timor
77%
Oceania Federal States of Micronesia
77%
Africa Cape Verde
75%
central America Costa Rica
75%
Africa Guinea-Bissau
75%
Africa Sao Tome and Principe
75%
Africa Equatorial Guinea
72%
Africa Ivory Coast
70%
Arfica Sierra Leone
68%
Africa Burkina Faso
65%
Europe Czech Republic
60%
No matching quizzes found
Score Distribution
Percent of People with Each Score
Percentile by Number Answered
Your Score History
You have not taken this quiz